| 000 | 00771nam a2200241 a 4500 | ||
|---|---|---|---|
| 001 | 121374 | ||
| 005 | 20230215105350.0 | ||
| 008 | 230215s1998 enk 000 0 eng d | ||
| 020 | _a 9781899769520 | ||
| 041 | _aeng | ||
| 050 | _a658 | ||
| 100 | 1 | _aDixon, Timothy J., | |
| 245 | 1 | 0 |
_aBuilding the Web : _bthe Internet and the property profession / _cTim Dixon ; with an introduction by Richard Lay. |
| 260 |
_aReading : _bCollege of Estate Management, _c1998. |
||
| 300 |
_axviii, 121 p. ; _c30 cm. |
||
| 500 | _a"September 1998" | ||
| 650 | 0 | _aInternet | |
| 650 | 0 |
_aComputer networks _xLaw and legislation |
|
| 651 | _aUnited Kingdom | ||
| 830 | 0 |
_aCollege of Estate Management research report ; _v1998/2 |
|
| 942 | _n0 | ||
| 999 |
_c121374 _d121374 |
||